Tín ngưỡng dân gian những góc nhìn
Con chuột, con chó, cây nêu, trong các nền văn hóa Việt. Tổng quan tục thờ cá Ông ở Việt Nam. Những kiêng kị của ngư dân miền Trung...
Guardado en:
| Autor principal: | |
|---|---|
| Formato: | Libro |
| Lenguaje: | Vietnamese |
| Publicado: |
H.
Thời đại
2014
|
| Materias: | |
| Etiquetas: |
Agregar Etiqueta
Sin Etiquetas, Sea el primero en etiquetar este registro!
|
| Thư viện lưu trữ: | Mạng thư viện Đại học Đà Nẵng |
|---|
| LEADER | 01552aam a22004098a 4500 | ||
|---|---|---|---|
| 001 | 000020691 | ||
| 003 | 17138 | ||
| 005 | 20150331100310.0 | ||
| 008 | 150325s2014 viesd | ||
| 020 | |d 2000b | ||
| 041 | 0 | |a vie | |
| 082 | 0 | 4 | |2 23 |a 398.4109597 |b NG-L |
| 100 | 1 | |a Nguyễn Thanh Lợi | |
| 245 | 1 | 0 | |a Tín ngưỡng dân gian những góc nhìn |c Nguyễn Thanh Lợi |
| 260 | |a H. |b Thời đại |c 2014 | ||
| 300 | |a 299 tr. |c 21 cm. | ||
| 500 | |a ĐTTS ghi: Hội Văn nghệ dân gian Việt Nam | ||
| 504 | |a Thư mục: tr. 297-299 | ||
| 520 | |a Con chuột, con chó, cây nêu, trong các nền văn hóa Việt. Tổng quan tục thờ cá Ông ở Việt Nam. Những kiêng kị của ngư dân miền Trung... | ||
| 546 | |a Chính văn bằng 2 thứ tiếng: Tày - Việt | ||
| 650 | 0 | 4 | |2 Bộ TK TVQG |a Văn hóa tín ngưỡng |z Việt Nam |
| 650 | 7 | |2 Bộ TK TVQG | |
| 650 | 7 | |2 Bộ TK TVQG | |
| 651 | 7 | |2 Bộ TK TVQG |a Việt Nam | |
| 653 | |a Tín ngưỡng dân gian | ||
| 653 | |a Văn hóa dân gian | ||
| 655 | 7 | |2 Bộ TK TVQG |a Văn khấn | |
| OWN | |a LSP | ||
| AVA | |a UDN50 |b LSP |d 398.4109597 NG-L |e available |t Error 5001 Not defined in file expand_doc_bib_avail. |f 1 |g 0 |h N |i 0 |k 1 | ||
| 999 | |a From the UDN01 | ||
| AVA | |a UDN50 |b LSP |d 398.4109597 NG-L |e available |t Error 5001 Not defined in file expand_doc_bib_avail. |f 1 |g 0 |h N |i 0 |k 1 | ||
| TYP | |a Monograph | ||
| TYP | |a Printed language | ||
| 980 | |a Mạng thư viện Đại học Đà Nẵng | ||